Sports Quiz

Random Sports or NCAA Quiz

BIG 12 Nickname Match Quiz Stats

 Plays Quiz not verified by Sporcle

Also try: SEC Nickname Match
Challenge
Share
Tweet
Score 0/10 Timer 03:00
0 Plays Today
% Correct
Texas
100%
Oklahoma
98.1%
West Virginia
97.5%
Texas Tech
97.5%
Oklahoma State
97.5%
Baylor
96.9%
Kansas
96.3%
TCU
96.3%
Iowa State
95.6%
Kansas State
93.8%

You're not logged in!

Compare scores with friends on all Sporcle quizzes.
OR
Log In

You Might Also Like...

Show Comments

Extras

Top Quizzes Today


Score Distribution

Your Account Isn't Verified!

In order to create a playlist on Sporcle, you need to verify the email address you used during registration. Go to your Sporcle Settings to finish the process.

Report this User

Report this user for behavior that violates our Community Guidelines.

Details: